| 000 | 00664nam a2200229Ia 4500 | ||
|---|---|---|---|
| 003 | OSt | ||
| 005 | 20230426143141.0 | ||
| 008 | 210423s2011 xx 000 0 und d | ||
| 020 | _a9788130917146 | ||
| 040 | _cAL | ||
| 041 | _aeng | ||
| 082 |
_a338.642 PALB _223 |
||
| 100 |
_aPALEY (Norton) _993471 |
||
| 245 | _aBig ideas for small businesses: a desktop guide for entrepreneurs | ||
| 260 |
_aNew Delhi _bViva Books Pvt Ltd _c2011 |
||
| 300 |
_axiv,263 _bPB |
||
| 365 |
_b325 _cINR |
||
| 650 |
_aEconomics _993472 |
||
| 650 |
_aProduction Economics _993473 |
||
| 906 | _aBig ; businesses: ; desktop ; entreneurs ; guide ; ideas ; small | ||
| 942 |
_2ddc _cBK |
||
| 999 |
_c161717 _d161717 |
||